00390nam a2200109Ia 4500008004100000245014300041260004900184260000900233300001000242500001200252650001600264170224s9999 xx 000 0 und d aLow self-esteem prospectively predicts depression in the transition to young adulthood: A replication of Orth, Robins, and Roberts (2008). bJournal of Personality and Social Psychology c2016 a110:1 aJanuary xPsychology.